שנים עשר בני יעקב | Twelve Sons of Jacob in Hebrew - Statistics

General Stats
  • This quiz has been taken 17 times
  • The average score is 8 of 12
Answer Stats
שבט % Correct
יהודה
93%
גד
73%
יוסף
73%
שמעון
67%
לוי
67%
זבולון
67%
נפתלי
67%
בנימין
67%
ראובן
60%
יששכר
60%
אשר
60%
דן
53%
No matching quizzes found
Score Distribution
Percent of People with Each Score
Percentile by Number Answered
Your Score History
You have not taken this quiz